| 000 | 01039cab a2200325 4500 | ||
|---|---|---|---|
| 001 | ABS58897 | ||
| 008 | 090401t1998 xxu||||| |||| 00| 0 eng d | ||
| 035 | _a(Sirsi) u87008 | ||
| 041 | _aeng | ||
| 100 | _aSyms, P. | ||
| 245 | _aSuitable sites for development | ||
| 260 | _c1998 | ||
| 350 | _a0 | ||
| 490 |
_aThe Valuer _v67(3) May/June 1998, 26(1) |
||
| 520 | _aReviews the findings of a research project, supported by the ISVA, into the redevelopment of contaminated land for housing use. Looks at the role of housing associations, considering pre-acquisition investigations, remediation methods and advice given to tenants and purchasers. | ||
| 650 | _aARSENIC | ||
| 650 | _aCHEMICALS | ||
| 650 | _aCONTAMINATED LAND | ||
| 650 | _aEXCAVATION | ||
| 650 | _aGAS | ||
| 650 | _aHOUSING ASSOCIATIONS | ||
| 650 | _aHOUSING DEVELOPMENT | ||
| 650 | _aLANDFILL | ||
| 650 | _aPLANNING CONSENT | ||
| 650 | _aREDEVELOPMENT | ||
| 650 | _aRESEARCH | ||
| 690 | _aHOUSING-DEVELOPMENT | ||
| 942 | _n0 | ||
| 948 | _c24/06/1998 | ||
| 999 |
_c54810 _d54810 |
||